000 00254nam a22001217a 4500
008 170227b xxu||||| |||| 00| 0 eng d
041 _aeng
080 _a577
100 _a5
101 _aSHMB
245 _aBIOCHEMISTRY
_cLEHNINGER, A.L
942 _2udc
_cBK
999 _c6344
_d6344